Statistiques concernant Les Tableaux du prime #2 - Star Académy 2022

Cliquez ici pour prendre le quiz!

Statistiques générales

  • Ce quiz a été pris 62 fois
  • Le résultat moyen est 31 sur 46

Statistiques - réponses

Réponse% Correct
AcadémiciensCarla
100%
AcadémiciensEnola
100%
AcadémiciensLéa
100%
AcadémiciensLouis
100%
AcadémiciensJulien
98%
AcadémiciensTiana
98%
AcadémiciensChris
96%
AcadémiciensStanislas
96%
AcadémiciensAhcène
94%
AcadémiciensAnisha
94%
AcadémiciensCenzo
94%
AcadémiciensPaola
94%
AcadémiciensAmisse
91%
ChansonsNe partez pas sans moi
91%
Interprète originalCéline Dion
89%
Artistes confirmésJulien Clerc (medley)
79%
ChansonsLa kiffance
79%
Artistes confirmésNaps
79%
Interprète originalAlizée
74%
Artistes confirmésAdé
72%
Artistes confirmésAmir
72%
ChansonsMoi Lolita
72%
ChansonsUn roman d'amitié
72%
Artistes confirmésJuliette Armanet
64%
Interprète originalAdele
60%
Artistes confirmésLewis Capaldi
60%
ChansonsBohemian Rhapsody
53%
Interprète originalEd Sheeran
53%
Interprète originalLouane
53%
Interprète originalQueen
51%
ChansonsRétine
51%
ChansonsFlamme
49%
Interprète originalJustin Timberlake
49%
ChansonsOn était beau
49%
ChansonsRolling In The Deep
49%
ChansonsSomeone You Loved
49%
Interprète originalElsa et Glenn Medeiros
47%
ChansonsTout savoir
47%
ChansonsCan't stop the Feeling
40%
Interprète originalLady Gaga
40%
ChansonsThinking Out Loud
36%
ChansonsFais-moi une place
32%
ChansonsI'll Never Love Again
32%
ChansonsUtile
28%
ChansonsCe n'est rien
23%
ChansonsQuand je joue
19%

Distribution des résultats

Percentile par nombre de réponses

% des personnes avec chaque résultat

Votre développement - résultats

Vous n’avez pas pris ce quiz